000 00378nam a2200169Ia 4500
100 _aThareja/Reema
650 _aPython programming
942 _cBK
366 _f25
654 _apython programming
245 _aPython programming using problem solving approach
260 _bOxford
_c2017
082 _a5.133
_bTHA
300 _a543
546 _aENGLISH
999 _c32084
_d32084